The First Day Of... Quiz Stats

 Plays Quiz Updated Mar 14, 2013

Challenge
Share
Tweet
Embed
Score 0/22 Timer 05:00
1 Play Today
Description Answer % Correct
The June solstice typically
symbolizes the first day of this season:
Summer
99.1%
Nervous children, anxious parents, backpacks,
books and new friends. It's the first day of:
School
97.8%
Some say birth while others would
argue conception marks the first day of:
Life
93.2%
In Western Christianity, Ash
Wednesday represents the first day of:
Lent
92.7%
In the spring, this Major League sports event
is usually coined 'Opening Day', the first day of:
Baseball
89%
The December solstice typically symbolizes
the first day of this season:
Winter
88.5%
'My true love gave to me, a partridge in a pear tree,'
completes the opening line 'On the first day of':
Christmas
86.5%
Sometimes referred to as 'All Fool's Day', the earliest recorded reference for
this can be found in Chaucer's Canterbury Tales, on the first day of:
April
85.3%
Locating your office, the washrooms and most importantly the
coffee maker are the primary goals on the first day of:
Work
81.7%
Temperature drop, rigor mortis and internal
decomposition begin on the first day of:
Death
76.6%
Created in 1966 as the first specifically African
American holiday, December 26th marks the first day of:
Kwanzaa
72.1%
Description Answer % Correct
Families visit the oldest and most senior members of their extended
family, on the traditional Chinese calendar, on the first day of:
Chinese New Year
70%
Barking, whining, chewing, nipping and little accidents
are all part of the fun of the first day of:
A New Puppy
64.9%
Renamed in 1982, Canada Day was originally called
Dominion Day and is celebrated on the first day of:
July
64.6%
Following the Islamic Lunar calendar, the date varies, but the practice of
fasting and prayer for 30 days is kicked off on the first day of:
Ramadan
64.5%
Synonymous with International Workers' Day or
Labour Day in many countries, it is the first day of:
May
59.6%
In a quote attributed to Synanon founder Charles Dederich, and
repeated on innumerable motivational posters, today is the first day of:
The Rest Of Your Life
58.7%
The 15th day of the month of Nisan in the
Jewish calendar marks the first day of:
Passover
31.3%
A religious duty that must be carried out at least once in their lifetime by every
able Muslim, pilgrims perform their initial Tawaf on the first day of:
The Hajj
28%
Stamp collectors place extra value on postcards or letters
where the stamps are on the first day of:
Issue
20.2%
Commencing the 'festival of lights', and starting with Dhanteras on which most
Indian business communities begin their fiscal year, is the first day of:
Diwali
19.8%
In Ancient Greece, to be feasted on during the last day,
100 oxen would be sacrificed to Zeus on the first day of:
The Olympic Games
14.7%

You're not logged in!

Compare scores with friends on all Sporcle quizzes.
Join for Free
OR
Log In

You Might Also Like...

Show Comments

Extras

Top Quizzes Today


Score Distribution

Your Account Isn't Verified!

In order to create a playlist on Sporcle, you need to verify the email address you used during registration. Go to your Sporcle Settings to finish the process.

Report this User

Report this user for behavior that violates our Community Guidelines.

Details: